समर्थ रामदास (Record no. 1153)

MARC details
000 -LEADER
fixed length control field 01070 a2200229 4500
005 - DATE AND TIME OF LATEST TRANSACTION
control field 20080904142850.0
008 - FIXED-LENGTH DATA ELEMENTS--GENERAL INFORMATION
fixed length control field 080904t xxu||||| |||| 00| 0 hin d
010 ## - LIBRARY OF CONGRESS CONTROL NUMBER
LC control number HIN-79039
020 ## - INTERNATIONAL STANDARD BOOK NUMBER
Terms of availability 50.00
International Standard Book Number 819025345x
035 ## - SYSTEM CONTROL NUMBER
System control number HN-51386
037 ## - SOURCE OF ACQUISITION
Source of stock number/acquisition D.B.Act / pub
082 ## - DEWEY DECIMAL CLASSIFICATION NUMBER
Classification number 230.35
100 ## - MAIN ENTRY--PERSONAL NAME
Personal name सप्रे, ना.वि.
245 ## - TITLE STATEMENT
Title समर्थ रामदास
Statement of responsibility, etc ना.वि.सप्रे
246 ## - VARYING FORM OF TITLE
Title proper/short title Samarth Ramdas
Remainder of title by N.V.Sapra
260 ## - PUBLICATION, DISTRIBUTION, ETC. (IMPRINT)
Place of publication, distribution, etc वाराणसी
Name of publisher, distributor, etc अनुराग प्रकाशन
Date of publication, distribution, etc 2005
270 ## - ADDRESS
Address विशालाक्षी भवन,चौक
City वाराणसी
Telephone number (0542)2421472
Postal code 221001
Electronic mail address vvp@vsnl.com
270 ## - ADDRESS
Electronic mail address sales@vvbooks.com
300 ## - PHYSICAL DESCRIPTION
Extent 66पृ
Dimensions 18 सेमी (अजिल्द)
942 ## - ADDED ENTRY ELEMENTS (KOHA)
Institution code [OBSOLETE] dpl
Koha item type Hindi Books
Call number prefix 230.35 / सप्रेना
Source of classification or shelving scheme Dewey Decimal Classification
Classification part 230.35
Call number suffix सप्रेना
Holdings
Withdrawn status Lost status Damaged status Not for loan Collection code Home library Current library Date acquired Cost, normal purchase price Total Checkouts Full call number Barcode Date last seen Copy number Uniform Resource Identifier Cost, replacement price Price effective from Koha item type
      Not For Loan Non-fiction D.B.Act.Division D.B.Act.Division 04/09/2008 50.00   230.35 सप्रेना HN-51386 15/09/2008 1 1218 50.00 15/09/2008 Hindi Books

© Delhi Public Library
Hit Counter
free hit counter